Statistics for Greek and Latin Prefixes

Click here to take the quiz!

General Stats

  • This quiz has been taken 266 times
  • The average score is 17 of 24

Answer Stats

Examples Prefix Answer % Correct
Aeroplane, AeroscienceAero-Air
96%
Hydrogen, HydroelectricHydro-Water
96%
Geography, GeologyGeo-Earth
94%
Octagon, Octopus,Oct-Eight
90%
Epidermis, DermatologistDerm-Skin
89%
Phobophobia, ArachnophobePhob-Fear
86%
Mortuary, ImmortalMort-Death
84%
Psychic, PsychopathPsych-Mind
84%
Dentist, Dentures,Dent-Tooth
84%
Photosynthesis, PhotographPhoto-Light
82%
Unicycle, Universe, UnifyUni-One
82%
Masculine, EmasculateMasc-Male
79%
Kilometer, KilogramKilo-Thousand
78%
Phonograph, TelephonePhon-Sound
75%
Pseudonym, PseudosciencePseud-False
75%
Library, LibrettoLibr-Book
64%
Xenophobic, XenonXen-Foreign
60%
Saccharin, MonosaccharideSacchar-Sugar
56%
Telephone, TelegraphTele-Far
54%
Spectate, SpectaclesSpect-Look
48%
Transport, TransparentTrans-Across
47%
Altitude, AltimeterAlt-Height
34%
Feline, FelinaeFel-Cat
33%
Metric, Metronome, BarometerMetr-Measure
29%

Score Distribution

Percentile by Number Answered

Percent of People with Each Score

Your Score History

You have not taken this quiz